Posilněte si svoji vůli co chci, to dokážu
Gespeichert in:
| 1. Verfasser: | |
|---|---|
| Format: | Buch |
| Sprache: | Tschechisch |
| Veröffentlicht: |
Praha
GRADA Publishing
2009
|
| Schriftenreihe: | Psychologie pro každého
|
| Schlagworte: | |
| Tags: |
Keine Tags, Fügen Sie das erste Tag hinzu!
|
MARC
| LEADER | 00000nam a2200000 4500 | ||
|---|---|---|---|
| 001 | 0121375 | ||
| 005 | 20240313133353.5 | ||
| 020 | |a 978-80-247-2752-3 | ||
| 041 | 0 | |a cze | |
| 044 | |a CZ | ||
| 245 | 1 | 0 | |a Posilněte si svoji vůli |b co chci, to dokážu |c Tomáš Novák |
| 264 | 1 | |a Praha |b GRADA Publishing |c 2009 | |
| 300 | |a 144 s. | ||
| 490 | 1 | |a Psychologie pro každého | |
| 830 | 0 | |a Psychologie pro každého | |
| 610 | 2 | 0 | |a psychológia |
| 610 | 2 | 0 | |a sebapoznanie |
| 610 | 2 | 0 | |a sebavýchova |
| 100 | 1 | |a Novák, Tomáš | |